000 00395pab a2200145 454500
008 180718b1986 xxu||||| |||| 00| 0 eng d
100 _aSeferiades, Seraphim
245 _aPolarization and nonproportionality the Greek party system in the postwar era
260 _c1986
300 _a69-94
362 _aOct.
650 _aPolitical Parties
773 _aComparative Politics
909 _a15285
999 _c15285
_d15285